Garden Planet in Colour : (Record no. 74232)

MARC details
000 -LEADER
fixed length control field 00432nam a22001457a 4500
005 - DATE AND TIME OF LATEST TRANSACTION
control field 20130405105146.0
020 ## - INTERNATIONAL STANDARD BOOK NUMBER
International Standard Book Number 81859703
Terms of availability 495.00
037 ## - SOURCE OF ACQUISITION
Source of stock number/acquisition DBAD/PUB
245 ## - TITLE STATEMENT
Title Garden Planet in Colour :
Remainder of title house planet /
Statement of responsibility, etc by T.K. Bose...at.al.
260 ## - PUBLICATION, DISTRIBUTION, ETC. (IMPRINT)
Place of publication, distribution, etc Kolkatta
Name of publisher, distributor, etc Parth Sankar Basu
Date of publication, distribution, etc c2003
270 ## - ADDRESS
Address 206, Bindhari Sarai
City Kolkatta
Postal code 700006
300 ## - PHYSICAL DESCRIPTION
Extent 174p.
Other physical details col.ill.
Dimensions 25cm(Hb)
500 ## - GENERAL NOTE
General note It include index
942 ## - ADDED ENTRY ELEMENTS (KOHA)
Source of classification or shelving scheme Dewey Decimal Classification
Item type English Books
Call number suffix BOS

No items available.


© Delhi Public Library
Hit Counter
free hit counter